| 000 | 00577nam a2200217 4500 | ||
|---|---|---|---|
| 008 | b xx# fre u | ||
| 010 | _a36901 | ||
| 040 | _aLB-BrCRDP | ||
| 082 | _a142.78/F769e | ||
| 100 | 1 | _aFoulqué, Paul | |
| 130 | 0 | _lFR | |
| 245 | 1 | 0 |
_aL'existentialisme _cpar Paul Foulqué |
| 250 | _a17e éd. | ||
| 260 |
_aParis _bP.U.F., _c1974 |
||
| 300 |
_a125p. ; _c17 cm |
||
| 490 | 0 | _aQue sais-je? ; 253 | |
| 500 | _aBibliogr. à la fin du livre | ||
| 650 |
_aExistentialisme _xPhilosophie moderne |
||
| 942 | _cBK | ||
| 999 |
_c10936 _d10936 |
||